000 00232nam a2200097Ia 4500
005 20251222114403.0
008 251222s1900||||xx |||||||||||||| ||spa||
082 _aDVD0150/B81/2006/T.1
245 0 _aLos milagros de Jesús:
942 _cDVD
999 _c1707
_d1707